ბათუმის შოთა რუსთაველის სახელმწიფო უნივერსიტეტის ბიბლიოთეკა

თხზულებანი:მოთხრობები,პიესა (ბიბ.ჩანაწერი № 43201)

000 -LEADER
fixed length control field 00901nam a2200205Ia 4500
001 - CONTROL NUMBER
control field 9926
003 - CONTROL NUMBER IDENTIFIER
control field GE_BSU
008 - FIXED-LENGTH DATA ELEMENTS--GENERAL INFORMATION
fixed length control field 181216s||||||||xx |||||||||||||| ||und||
040 ## - CATALOGING SOURCE
Transcribing agency GE_BSU
080 ## - UNIVERSAL DECIMAL CLASSIFICATION NUMBER
Universal Decimal Classification number 82-93:821.353.1-32
100 ## - MAIN ENTRY--PERSONAL NAME
Personal name ნინოშვილი,ეგნატე.კლდიაშვილი,დავით
245 ## - TITLE STATEMENT
Title თხზულებანი:მოთხრობები,პიესა
245 ## - TITLE STATEMENT
Statement of responsibility, etc. შეადგ.წინასიტყვ.შენიშვნ.,კომენტარები და ლექსიკონი დაურთო ლეილა სულხანიშვილმა
260 ## - PUBLICATION, DISTRIBUTION, ETC.
Place of publication, distribution, etc. თბილისი
260 ## - PUBLICATION, DISTRIBUTION, ETC.
Name of publisher, distributor, etc. ტექნიკური უნ–ტი
260 ## - PUBLICATION, DISTRIBUTION, ETC.
Date of publication, distribution, etc. 1988
300 ## - PHYSICAL DESCRIPTION
Extent 403გვ.21სმ.
653 ## - INDEX TERM--UNCONTROLLED
Uncontrolled term თხზულებანი:მოთხრობები,პიესა
942 ## - ADDED ENTRY ELEMENTS (KOHA)
Koha item type წიგნი
ეგზემპლარები
Withdrawn status Lost status Damaged status Not for loan Date acquired Barcode Date last seen Price effective from Koha item type Public note
        2018-12-17 33096 2018-12-17 2018-12-17 წიგნი  
        2018-12-17 33097 2018-12-17 2018-12-17 წიგნი  
        2018-12-17 33098 2018-12-17 2018-12-17 წიგნი  
        2018-12-17 33099 2018-12-17 2018-12-17 წიგნი  
        2018-12-17 33100 2018-12-17 2018-12-17 წიგნი  
        2018-12-17 33101 2018-12-17 2018-12-17 წიგნი  
        2018-12-17 33102 2018-12-17 2018-12-17 წიგნი  
        2018-12-17 33105 2018-12-17 2018-12-17 წიგნი  
        2018-12-17 33106 2018-12-17 2018-12-17 წიგნი  
        2018-12-17 33107 2018-12-17 2018-12-17 წიგნი  
        2018-12-17 41444 2018-12-17 2018-12-17 წიგნი აგრარული ტექ.ფაკ.
        2018-12-17 41445 2018-12-17 2018-12-17 წიგნი აგრარული ტექ.ფაკ.